Word Ladder: Real Steel Quiz Stats

 Plays Quiz Updated Sep 9, 2015

Challenge
Share
Tweet
Embed
Score 0/24 Timer 02:00
1 Play Today
Clue 4-Letter Word % Correct
Journey's 'Don't ____ Believing'STOP
98.5%
Massive; gargantuanHUGE
92.8%
Hole in one's skinPORE
92.6%
*Jackman who plays former boxer Charlie*HUGH
92.3%
Not taintedPURE
92.1%
Machine known as the one-armed bandit in VegasSLOT
92%
Black, ashy substance left after burningSOOT
91.8%
A harborPORT
91.8%
Put things in orderSORT
91.6%
At an extreme heightHIGH
91.2%
Sink your teeth intoBITE
91.1%
Audibly exhale air in exhasperationSIGH
90.6%
Clue 4-Letter Word % Correct
At the apexATOP
90.1%
Carelessly spill liquid over the edgeSLOP
90%
LocationSITE
88.7%
They're shiny and great for catching fishLURE
88.6%
*The 'People's Champion' or the smallest unit of matter*ATOM
88.3%
WagersBETS
87.7%
A sled for one or two peopleLUGE
87.6%
Hive dwellersBEES
87.5%
Villains of the Star Wars universeSITH
87.2%
An anathema or hated thing: ___ noireBÊTE
81.2%
What a sleeper catchesZEES
80.6%
*The undefeated fighter or king of the Greek pantheon*ZEUS
75.5%

Today's Daily Dose

You're not logged in!

Compare scores with friends on all Sporcle quizzes.
Join for Free
OR
Log In

You Might Also Like...

Show Comments

Extras

Top Quizzes Today


Score Distribution

Your Account Isn't Verified!

In order to create a playlist on Sporcle, you need to verify the email address you used during registration. Go to your Sporcle Settings to finish the process.

Report this User

Report this user for behavior that violates our Community Guidelines.

Details: